| 000 | 00837nas a2200277 4500 | ||
|---|---|---|---|
| 001 | BR9901020 | ||
| 003 | BR-BrBNA | ||
| 005 | 20231205101300.0 | ||
| 007 | ta | ||
| 008 | 230509b bl.|||p| |||| 00| 00por d | ||
| 040 |
_aBR-BrBNA _bpor _cBiblioteca Nacional de Agricultura |
||
| 041 | _a(Pt) | ||
| 072 | _aL73 | ||
| 100 | 1 | _aStepan, A.L. | |
| 100 | 1 | _aBarcellos, D.E.S.N. de | |
| 100 | 1 | _aBorowski, S.M. | |
| 245 | 1 | _aSensibilidade a antimicrobianos de amostras de Pasteurella multocida isoladas de suinos com pleurite | |
| 650 | _aSUÍNO | ||
| 650 | _aBacteria | ||
| 650 | _aPleurite | ||
| 650 | _aMedicamento | ||
| 650 | _aDoenca Respiratoria | ||
| 773 | 0 |
_tPesquisa Agropecuaria Gaucha (Brazil) _xISSN 0104-9070 _g(1998), v. 4(1) p. 19-22 _wBR9901020 |
|
| 909 |
_a202311 _bLúcia _c55 _dLúcia Elande |
||
| 942 |
_2AGRIS _n0 _cANA |
||
| 999 |
_c160883 _d160883 |
||